| 000 | 00729nam a2200217 a 4500 | ||
|---|---|---|---|
| 001 | 000025860 | ||
| 005 | 20200930024115.0 | ||
| 008 | 110223s1971 sp r 000 0 spa d | ||
| 040 |
_aDO-SdBNP _bspa _cBNPHU |
||
| 041 | 1 | 7 |
_aspa _hfre _2Código de idiomas MARC |
| 082 |
_ann* _bnn* |
||
| 100 | 1 |
_aRevel, Jean-François. _920797 |
|
| 240 | 1 | 0 |
_aNi Marx ni Jésus. _lEspañol |
| 245 | 1 | 0 |
_aU.S.A : _bnueva revolución ("ni Marx ni Jésus") / _cJean-François Revel ; traducción de Ramón Hernández. |
| 250 | _a2a ed. | ||
| 260 |
_aBarcelona : _bplaza & Janes, _c1971. |
||
| 300 |
_a261 p. ; _c22 cm. |
||
| 534 |
_aTítulo original en francés : _tNi Marx ni Jésus |
||
| 700 | 1 |
_aHernández, Ramón, _etr. _912898 |
|
| 049 | _aBNGR | ||
| 999 |
_c25352 _d25352 |
||